Dirección de Marketing (Registro nro. 1470)

Detalles MARC
000 -LEADER
fixed length control field 02643 a2200301 4500
001 - CONTROL NUMBER
control field 26518
005 - DATE AND TIME OF LATEST TRANSACTION
control field 20260407155544.0
008 - FIXED-LENGTH DATA ELEMENTS--GENERAL INFORMATION
fixed length control field 260407a2006 arg spa d
003 - CONTROL NUMBER IDENTIFIER
control field AR-UNSa-BCEJYS
040 ## - CATALOGING SOURCE
Original cataloging agency AR-UNSa-BCEJYS
Language of cataloging spa
Transcribing agency AR-UNSa-BCEJYS
080 ## - UNIVERSAL DECIMAL CLASSIFICATION NUMBER
Universal Decimal Classification number 658.8
Common auxiliary subdivision Organización de mercados. Marketing. Ventas. Distribución
100 1# - MAIN ENTRY--PERSONAL NAME
Personal name Kotler, Philip
245 10 - TITLE STATEMENT
Title Dirección de Marketing
250 ## - EDITION STATEMENT
Edition statement 12a. ed.
264 #1 - PRODUCTION, PUBLICATION, DISTRIBUTION, MANUFACTURE, AND COPYRIGHT NOTICE
Place of production, publication, distribution, manufacture Madrid :
Name of producer, publisher, distributor, manufacturer Prentice Hall
Date of production, publication, distribution, manufacture, or copyright notice 2006
300 ## - PHYSICAL DESCRIPTION
Extent xxxix, 729 p.
Dimensions 27 cm.
505 ## - FORMATTED CONTENTS NOTE
Formatted contents note Parte I: La dirección de marketing : 1. El marketing en el siglo XXI - 2. Desarrollo de estrategias y planes dde marketing - Parte II: Identificación de las oportunidades de mercado: 3. Recopilación de información y análisis - 4. Investigación de mercados y prónostico de la demanda - Parte III: Relación con clientes o consumidores: 5. Creación de valor para el cliente, satisfacción y lealtad - 6. Análisis de mercados de consumo - 7. Análisis de los mercados industrales - 8. Identificación de segmentos y selección del Parte IV: Creación de marcas fuertes : 9. El brand equity - 10. Estrategias de posicionamiento de marcas - 11. Las relaciones con la competencia - Parte V: La definición de las ofertas de mercado: 12. Desarrollo de la estrategia de producto - 13. Diseño y administración de servicios - 14. Desarrollo de programas y estrategias de precios - Parte VI: La estratega de valor: 15. Diseño y administración de los canales de marketing y de las cadenas de valor - 16. Administración de la venta minorista, de la venta mayorista y de la logística del mercado - Parte VII: La comunicación del valor: 17. Diseño y administración de estrategias para la comunicación integral de marketing - 18. Administración de programas de comunicación masiva: publicidad, promociones de ventas, eventos y relaciones públicas - 19. Administración de programas de comunicacion personal: el marketing directo y la venta personal - Parte VIII: La generación de crecimiento rentable a largo plazo: 20. Lanzamiento de nuevas ofertas de mercado - 21. El lanzamiento de ofertas en mercados extranjeros - 22. La dirección de marketing holístico en la empresa.
590 ## - LOCAL NOTE (RLIN)
Local note niveau_biblio:m niveau_hierar:0
700 1# - ADDED ENTRY--PERSONAL NAME
Personal name Keller, Kevin Lane
700 1# - ADDED ENTRY--PERSONAL NAME
Personal name Rivera, Clara E.
700 1# - ADDED ENTRY--PERSONAL NAME
Personal name Dávila Ruiz, Diana
700 1# - ADDED ENTRY--PERSONAL NAME
Personal name Tena Loeza, Estela
700 1# - ADDED ENTRY--PERSONAL NAME
Personal name Ramos, María de los Ángeles
700 1# - ADDED ENTRY--PERSONAL NAME
Personal name Sciarroni, Roberto
700 1# - ADDED ENTRY--PERSONAL NAME
Personal name Kiassling Davison, Kurt
856 41 - ELECTRONIC LOCATION AND ACCESS
Uniform Resource Identifier <a href="https://biblioeco.unsa.edu.ar/pmb/images/libros/Kotler Keller-l116571.jpg">https://biblioeco.unsa.edu.ar/pmb/images/libros/Kotler Keller-l116571.jpg</a>
Link text Imagen de portada
Electronic format type image/jpeg
942 ## - ADDED ENTRY ELEMENTS (KOHA)
Koha item type
Existencias
Withdrawn status Lost status Damaged status Not for loan Home library Current library Shelving location Date acquired Total checkouts Full call number Barcode Date last seen Price effective from Koha item type Public note
        Biblioteca Prof. Eusebio Cleto del Rey Biblioteca Prof. Eusebio Cleto del Rey   07/04/2026   658.8 K87d 12ed. L116571 07/04/2026 07/04/2026 Libro  
        Biblioteca Prof. Eusebio Cleto del Rey Biblioteca Prof. Eusebio Cleto del Rey   07/04/2026   658.8 K87d 12ed. L116574 07/04/2026 07/04/2026 Libro  
        Biblioteca Prof. Eusebio Cleto del Rey Biblioteca Prof. Eusebio Cleto del Rey   07/04/2026   658.8 K87d 12ed. L116573 07/04/2026 07/04/2026 Libro  
        Biblioteca Prof. Eusebio Cleto del Rey Biblioteca Prof. Eusebio Cleto del Rey   07/04/2026   658.8 K87d 12ed. L116572 07/04/2026 07/04/2026 Libro PAG. 14 A 20 POCO HÚMEDA ABAJO
        Biblioteca Prof. Eusebio Cleto del Rey Biblioteca Prof. Eusebio Cleto del Rey   07/04/2026   658.8 K87d 12ed. L116575 07/04/2026 07/04/2026 Libro